000 00744nam a2200289Ia 4500
001 19186
003 IT-RoPAU
008 130308s9999 xx 000 0 und d
040 _aIT-RoPAU
040 _cIT-RoPAU
041 _aITALIANO
100 _aAlvarez Raul
100 _gCodice Aut. SPICS: 5528
245 _aPiacere (Il)
245 _bFilm a luci Rosse-Il Traffico, la Legge, Il Piacere
250 _a1a ed.
260 _aFIRENZE
260 _bLiberoscambio
260 _c1983 [1° Ed.:1983 - Ed.Ling.Originale:1983]
300 _a"7 p. (prefazione: no ; testo: 7 [pagine: 89-95])"
650 _aSAGGI SUL CINEMA
650 _eCodice materia Spics: 6811
942 _cBK
957 _71
999 _c55685
_d55685
999 _bSI
999 _g1